| 000 | 00429nam a22001457a 4500 | ||
|---|---|---|---|
| 020 | _a0 299 05530 2 | ||
| 082 | _a339.470 977 5 SOL | ||
| 100 | _aSoltow, L | ||
| 245 | _aPatterns of Wealthholding In Wisconsin Since 1850 | ||
| 260 |
_aLondon _bThe University of Wisconsin Press _c1971 |
||
| 300 |
_axiii,168pg _bIll,;24cm |
||
| 500 | _aInclude, Index | ||
| 650 | _aPatterns of Wealthholding In Wisconsin Since 1850 | ||
| 942 | _cBK | ||
| 999 |
_c18141 _d18141 |
||